Derecho civil y comercial : contratos. parte general /
Guardado en:
| Otros Autores: | , |
|---|---|
| Formato: | Libro |
| Idioma: | Spanish |
| Publicado: |
Ciudad Autónoma de Buenos Aires :
Abeledo Perrot,
2017.
|
| Edición: | 1a. ed. |
| Materias: | |
| Etiquetas: |
Agregar Etiqueta
Sin Etiquetas, Sea el primero en etiquetar este registro!
|
| LEADER | 00638nam a22001935a 4500 | ||
|---|---|---|---|
| 001 | DER.der013427 | ||
| 008 | 180615s2017####ag#||||||||||||||#||spa|| | ||
| 005 | 20251230160446.0 | ||
| 245 | 1 | 0 | |a Derecho civil y comercial : |b contratos. |n parte general / |c Julio César Rivera. |
| 250 | |a 1a. ed. | ||
| 260 | |a Ciudad Autónoma de Buenos Aires : |b Abeledo Perrot, |c 2017. | ||
| 300 | |a 634 p. | ||
| 020 | |a 9789502028415 | ||
| 100 | 1 | |a Rivera, Julio César, |e dir. | |
| 700 | 1 | |a Medina, Graciela, |e dir. | |
| 700 | 1 | |a Crovi, Luis Daniel | |
| 700 | 1 | |a Di Chiazza, Iván G. | |
| 650 | 7 | |a DERECHOS DE LOS CONTRATOS | |
| 859 | |a DERECHO |b BIB. DERECHO |h 346.02 |i RIV |p 008379 | ||
